000
00478nam a2200169Ia 4500
008
090711s9999 xx 000 0 und d
082
_b
16572
100
_a
आपटे ह. ना.
245
_a
सं. सती पिंगला
260
_c
1964
300
_a
73
600
_a
आपटे ह. ना.
630
_a
सं. सती पिंगला
700
_a
आपटे ह. ना.
730
_a
सं. सती पिंगला
942
_c
BOOK
999
_c
304857
_d
304857